[Event "World Blitz"]
[Site "Moscow RUS"]
[Date "2007.11.22"]
[Round "28"]
[White "Shirov,A"]
[Black "Bacrot,E"]
[Result "1/2-1/2"]
[WhiteElo "2739"]
[BlackElo "2695"]
[EventDate "2007.11.21"]

1. e4 e5 2. Nf3 Nc6 3. Bb5 a6 4. Ba4 Nf6 5. O-O Be7 6. Re1 b5 7. Bb3 O-O 8.
h3 Bb7 9. d3 d5 10. exd5 Nxd5 11. Nbd2 f6 12. Ne4 Kh8 13. d4 exd4 14. Nxd4
Nxd4 15. Qxd4 Re8 16. Bd2 Nb6 17. Qxd8 Raxd8 18. Ba5 Bf8 19. Nc3 Bd6 20. a4
Rxe1+ 21. Rxe1 Nc4 22. Bxc4 bxc4 23. Ne4 Be5 24. Nd2 c3 25. Bxc3 Bxc3 26.
bxc3 Bc6 27. Nb3 Bxa4 28. Nc5 Bb5 29. Re4 a5 30. c4 Be8 31. Re7 Rc8 32. Kf1
a4 33. Ke1 a3 34. Kd2 a2 35. Re1 Bc6 36. g3 Ra8 37. Ra1 g5 38. Kc3 Ra3+ 39.
Nb3 Ra4 40. Nd4 Bd7 41. h4 gxh4 42. gxh4 c5 43. Nb3 Be6 44. Nd2 Kg7 45. Kb3
Rb4+ 46. Kc3 Ra4 47. Kb3 Rb4+ 48. Kc3 Ra4 1/2-1/2

[Event "World Blitz"]
[Site "Moscow RUS"]
[Date "2007.11.22"]
[Round "29"]
[White "Kramnik,V"]
[Black "Grischuk,A"]
[Result "1/2-1/2"]
[WhiteElo "2785"]
[BlackElo "2715"]
[EventDate "2007.11.21"]

1. d4 Nf6 2. c4 e6 3. Nf3 d5 4. e3 a6 5. b3 c5 6. Bd3 Nc6 7. Bb2 Be7 8.
cxd5 exd5 9. O-O O-O 10. Nbd2 cxd4 11. Nxd4 Ne5 12. N2f3 Nxd3 13. Qxd3 Ne4
14. h3 Bf6 15. Rac1 Bd7 16. Rfd1 Qa5 17. Qb1 Bxd4 18. Bxd4 Rac8 19. Qb2 f6
20. Ne1 Rxc1 21. Rxc1 Rc8 22. Rxc8+ Bxc8 23. Nd3 Bf5 24. g4 Bd7 25. Kg2 Bc6
26. f3 Ng5 27. Nf4 Qe1 28. Qf2 Qxf2+ 29. Kxf2 Kf7 30. h4 Ne6 31. Ne2 g6 32.
Nc3 Ke7 33. a4 Kf7 34. Ke2 Ke7 35. Kd3 Kf7 36. Bb6 Ke7 37. b4 d4 38. exd4
Bxf3 39. d5 Nf4+ 40. Ke3 Nxd5+ 41. Nxd5+ Bxd5 42. g5 Ke6 43. gxf6 Kxf6 44.
Kf4 h6 45. a5 g5+ 46. hxg5+ hxg5+ 47. Kg3 Kf5 48. Bc5 1/2-1/2

[Event "World Blitz"]
[Site "Moscow RUS"]
[Date "2007.11.22"]
[Round "29"]
[White "Ponomariov,R"]
[Black "Shirov,A"]
[Result "1-0"]
[WhiteElo "2705"]
[BlackElo "2739"]
[EventDate "2007.11.21"]

1. d4 Nf6 2. Nf3 g6 3. Bg5 Bg7 4. Nbd2 O-O 5. e4 d5 6. Bd3 dxe4 7. Nxe4
Nxe4 8. Bxe4 c5 9. c3 cxd4 10. Nxd4 h6 11. Be3 f5 12. Qb3+ Kh7 13. Bxb7 f4
14. Bxa8 fxe3 15. fxe3 e5 16. Nf3 Ba6 17. Be4 Nd7 18. Rd1 Qe7 19. Qd5 Rxf3
20. Bxf3 e4 21. Qxe4 Ne5 22. h4 Nxf3+ 23. gxf3 Qc7 24. Rg1 1-0

[Event "World Blitz"]
[Site "Moscow RUS"]
[Date "2007.11.22"]
[Round "29"]
[White "Savchenko,B"]
[Black "Kasimdzhanov,R"]
[Result "1-0"]
[WhiteElo "2583"]
[BlackElo "2690"]
[EventDate "2007.11.21"]

1. e4 e5 2. Nf3 Nc6 3. d4 exd4 4. Nxd4 Bb4+ 5. c3 Bc5 6. Be3 Bb6 7. Nf5
Bxe3 8. Nxe3 Nge7 9. Nd2 d6 10. g3 O-O 11. Bg2 Be6 12. O-O Qd7 13. f4 Bh3
14. Bxh3 Qxh3 15. Nf3 Qd7 16. Qb3 Rab8 17. Rad1 Qe6 18. Qxe6 fxe6 19. Ng5
Nd8 20. Nc2 h6 21. Nf3 Nec6 22. b4 a6 23. a4 b5 24. Ra1 Kf7 25. axb5 axb5
26. Ra6 Ke7 27. Kg2 Kd7 28. Rd1 Kc8 29. Ncd4 Nxd4 30. Nxd4 Kd7 31. e5 Nb7
32. Nxb5 Ra8 33. Rxa8 Rxa8 34. Kf3 Ra2 35. h4 Kc6 36. Nd4+ Kd7 37. h5 Nd8
38. g4 Ke7 39. Ke4 Rg2 40. Kf3 Ra2 41. Nb5 dxe5 42. Nxc7 Rc2 43. Nb5 Nc6
44. f5 exf5 45. gxf5 Nb8 46. Ke4 Nd7 47. Rg1 Kf8 48. Kd5 Nf6+ 49. Kxe5 Nxh5
50. Ra1 Re2+ 51. Kd4 Nf6 52. c4 h5 53. Nc3 Rd2+ 54. Ke3 Rb2 55. b5 Ng4+ 56.
Kd4 Nh6 57. Nd5 Nxf5+ 58. Kc3 Rf2 59. b6 Nd6 60. c5 1-0

[Event "World Blitz"]
[Site "Moscow RUS"]
[Date "2007.11.22"]
[Round "30"]
[White "Adams,Mi"]
[Black "Savchenko,B"]
[Result "1-0"]
[WhiteElo "2729"]
[BlackElo "2583"]
[EventDate "2007.11.21"]

1. e4 c5 2. Nf3 g6 3. c3 d5 4. exd5 Qxd5 5. d4 Nf6 6. Qb3 Qxb3 7. axb3 Nbd7
8. Na3 a6 9. Nc4 Nd5 10. g3 Bg7 11. Bg2 e6 12. Be3 Ke7 13. Ke2 Rb8 14. Rhd1
Rd8 15. Bg5+ f6 16. Bd2 b6 17. dxc5 Nxc5 18. Nd4 Bb7 19. b4 Nxb4 20. Bxb7
Rxb7 21. Be3 e5 22. cxb4 exd4 23. bxc5 dxe3 24. Rxd8 Kxd8 25. cxb6 exf2 26.
Rxa6 f5 27. Ra8+ Kd7 28. Ra7 1-0

[Event "World Blitz"]
[Site "Moscow RUS"]
[Date "2007.11.22"]
[Round "30"]
[White "Carlsen,M"]
[Black "Gelfand,B"]
[Result "1/2-1/2"]
[WhiteElo "2714"]
[BlackElo "2736"]
[EventDate "2007.11.21"]

1. c4 e5 2. g3 Nf6 3. Bg2 d5 4. cxd5 Nxd5 5. Nf3 Nc6 6. O-O Be7 7. d3 O-O
8. a3 a5 9. b3 Be6 10. Bb2 f6 11. Nbd2 Qd7 12. Qc2 Kh8 13. Rfd1 Nb6 14.
Rac1 Rfd8 15. Ne4 Qe8 16. Nfd2 Nd5 17. Nc5 Bxc5 18. Qxc5 Nde7 19. Qc2 Qh5
20. Re1 Qf7 21. Bc3 Nd5 22. Ba1 Nde7 23. Rb1 Bd5 24. Ne4 Nf5 25. e3 Nd6 26.
h4 Nxe4 27. dxe4 Be6 28. Bc3 Rd7 29. Red1 Rad8 30. Rxd7 Qxd7 31. b4 axb4
32. axb4 Na7 33. f4 Nb5 34. Bb2 Qd2 35. Qxd2 Rxd2 36. Ba1 Na3 37. Rc1 Nc4
38. Bc3 Rd7 39. Kf2 Rd6 40. Bf1 c6 41. g4 exf4 42. exf4 Nd2 43. e5 fxe5 44.
Bxe5 Rd7 45. Be2 Kg8 46. Ra1 Nc4 47. f5 Bd5 48. Bc3 Rd8 49. Ra7 Nd6 50. Be5
Ne4+ 51. Ke3 Re8 52. Kf4 c5 53. Bf3 Nf6 54. Bxf6 Bxf3 55. Bxg7 Bc6 56. Bf6
cxb4 57. Kg5 b3 58. Ra3 Bd5 59. Ra1 Kf7 60. Bc3 Re4 61. Rd1 Bc6 62. Rd6 Rc4
63. Bh8 Bf3 64. Rd7+ Ke8 65. Rxh7 Rxg4+ 66. Kh6 Rxh4+ 67. Kg6 Rg4+ 68. Kh6
Rh4+ 69. Kg6 Rxh7 70. Kxh7 Kd7 71. Kg6 Kc6 72. Kg5 Kb5 73. Kf4 Bd5 74. Ke3
Kc4 75. Bb2 1/2-1/2

[Event "World Blitz"]
[Site "Moscow RUS"]
[Date "2007.11.22"]
[Round "31"]
[White "Bacrot,E"]
[Black "Grischuk,A"]
[Result "0-1"]
[WhiteElo "2695"]
[BlackElo "2715"]
[EventDate "2007.11.21"]

1. d4 Nf6 2. Nf3 e6 3. Bg5 c5 4. e3 Be7 5. Nbd2 b6 6. c3 Bb7 7. Bd3 d5 8.
O-O Nc6 9. Qe2 O-O 10. Ne5 Nxe5 11. dxe5 Nd7 12. Bxe7 Qxe7 13. f4 f6 14.
exf6 Rxf6 15. e4 c4 16. Bc2 Raf8 17. g3 e5 18. exd5 Qc5+ 19. Qf2 exf4 20.
Ne4 Qxd5 21. Rad1 fxg3 22. Qxg3 Rxf1+ 23. Rxf1 Rxf1+ 24. Kxf1 Qf5+ 25. Qf2
Qh3+ 26. Ke1 Qe6 27. Qd4 h6 28. Kd2 Bd5 29. Ng3 Ne5 30. Qf4 Nf3+ 31. Kc1
Qe1+ 32. Bd1 Ne5 33. Qf5 Bf7 34. Qc8+ Kh7 0-1

[Event "World Blitz"]
[Site "Moscow RUS"]
[Date "2007.11.22"]
[Round "32"]
[White "Savchenko,B"]
[Black "Kramnik,V"]
[Result "1/2-1/2"]
[WhiteElo "2583"]
[BlackElo "2785"]
[EventDate "2007.11.21"]

1. e4 e5 2. Nf3 Nc6 3. d4 exd4 4. Nxd4 Bc5 5. Nxc6 Qf6 6. Qf3 bxc6 7. Nd2
d6 8. Bd3 Qxf3 9. Nxf3 Ne7 10. Bd2 Bg4 11. h3 Bxf3 12. gxf3 f5 13. Bg5 fxe4
14. fxe4 Ng6 15. Ke2 O-O 16. Be3 Bxe3 17. Kxe3 Rf4 18. Bc4+ d5 19. Bd3 Raf8
20. Kd4 dxe4 21. Bxe4 Rxf2 22. Kc5 Ne5 23. a4 R8f6 24. Kd4 Nf7 25. Bd3
R2f4+ 26. Kc3 Ne5 27. Ba6 c5 28. Bb5 Rf3+ 29. Kd2 Rd6+ 30. Ke2 c4 31. Bxc4+
Kf8 32. Raf1 Rxf1 33. Rxf1+ Ke7 34. Bb3 Rh6 35. Rg1 g6 36. Rg3 Rh4 37. Re3
Kd6 38. c3 g5 39. Bc2 h5 40. b4 g4 41. Bf5 Kd5 42. a5 Rxh3 43. Rxh3 gxh3
44. Bxh3 Kc4 45. Kd2 Kb3 46. Be6+ Kb2 47. b5 h4 48. c4 h3 49. Bxh3 Nxc4+
50. Kd3 Nxa5 51. Kd4 Ka3 52. Kc5 Nb3+ 53. Kc6 Nd4+ 54. Kc5 Nb3+ 55. Kc6 Kb4
56. Kxc7 Kxb5 57. Kb7 a5 58. Bd7+ Kb4 59. Kb6 Nd2 60. Bc6 Nc4+ 61. Ka6 Kc5
62. Bb5 1/2-1/2

[Event "World Blitz"]
[Site "Moscow RUS"]
[Date "2007.11.22"]
[Round "32"]
[White "Kasimdzhanov,R"]
[Black "Rublevsky,S"]
[Result "0-1"]
[WhiteElo "2690"]
[BlackElo "2676"]
[EventDate "2007.11.21"]

1. e4 c5 2. Nf3 e6 3. d4 cxd4 4. Nxd4 a6 5. Nc3 Qc7 6. Bd3 Nf6 7. Qe2 Bd6
8. Ndb5 axb5 9. Nxb5 Qa5+ 10. Bd2 Bb4 11. Bxb4 Qxb4+ 12. c3 Qc5 13. e5 Nd5
14. Nd6+ Kf8 15. Qh5 g6 16. Qh6+ Kg8 17. h4 Nc6 18. h5 Nxe5 0-1

[Event "World Blitz"]
[Site "Moscow RUS"]
[Date "2007.11.22"]
[Round "32"]
[White "Carlsen,M"]
[Black "Ivanchuk,V"]
[Result "1/2-1/2"]
[WhiteElo "2714"]
[BlackElo "2787"]
[EventDate "2007.11.21"]

1. d4 Nf6 2. c4 e6 3. Nc3 Bb4 4. Qc2 c5 5. dxc5 O-O 6. Nf3 Na6 7. a3 Bxc3+
8. Qxc3 Nxc5 9. e3 b6 10. Be2 d5 11. cxd5 Nxd5 12. Qc2 Ba6 13. Bxa6 Nxa6
14. O-O Rc8 15. Qe2 Nc5 16. Bd2 Nb3 17. Rad1 Nxd2 18. Rxd2 Qc7 19. Rfd1 h6
20. Nd4 Qc4 21. e4 Qxe2 22. Nxe2 Ne7 23. Rd7 Nc6 24. f4 Rfd8 25. Nc3 Rxd7
26. Rxd7 Na5 27. Rxa7 Nc4 28. Nb5 Nxb2 29. Nd6 Rc1+ 30. Kf2 Rc2+ 31. Kg3
Nd3 32. Ra8+ Kh7 33. Nxf7 Rc3 34. Kg4 Nf2+ 35. Kh4 Nxe4 36. Rh8+ Kg6 37.
Ne5+ Kf5 38. Rf8+ Nf6 39. g3 Rxa3 40. Rf7 Ra2 41. Kh3 b5 42. Rxg7 b4 43.
Rf7 b3 44. Ng4 b2 45. Rxf6+ Ke4 46. Rxe6+ Kd4 47. Rb6 Kc3 48. Nxh6 Ra4 49.
Rxb2 Kxb2 50. Kg4 Kc3 51. Nf5 Kc4 52. h4 Kd5 53. Kg5 Ke6 54. g4 Kf7 55. Ng3
Ra3 56. Nh5 Ra5+ 57. f5 Rb5 58. Nf4 Ra5 59. h5 Kg7 60. Ne6+ Kh7 61. Kf6 Kh6
62. Nf8 Ra6+ 63. Ke7 Ra4 64. f6 Rxg4 65. Ng6 Rb4 66. f7 Rb7+ 1/2-1/2

[Event "World Blitz"]
[Site "Moscow RUS"]
[Date "2007.11.22"]
[Round "33"]
[White "Gelfand,B"]
[Black "Leko,P"]
[Result "1/2-1/2"]
[WhiteElo "2736"]
[BlackElo "2755"]
[EventDate "2007.11.21"]

1. d4 Nf6 2. c4 e6 3. Nf3 b6 4. g3 Ba6 5. b3 Bb4+ 6. Bd2 Be7 7. Nc3 O-O 8.
Rc1 d5 9. cxd5 Nxd5 10. Bg2 Bb7 11. Qc2 Nf6 12. O-O c5 13. dxc5 Bxc5 14. e4
Nbd7 15. Bf4 Bb4 16. e5 Bxc3 17. Qxc3 Nd5 18. Qd2 Nxf4 19. Qxf4 Rc8 20.
Rcd1 Qe7 21. Qa4 Rc7 22. Rfe1 h6 23. Nd4 Bxg2 24. Kxg2 Nc5 25. Qa3 a5 26.
Nb5 Rd7 27. Nd6 f6 28. b4 axb4 29. Qxb4 Qd8 30. Qb1 fxe5 31. Nc4 Nd3 32.
Rf1 e4 33. Qxb6 Nf4+ 34. gxf4 Rxd1 35. Qxe6+ Kh7 36. Qxe4+ Kh8 37. Rxd1
Qxd1 38. Ne5 Rf6 39. Ng6+ Kg8 40. Qe8+ Kh7 41. Nf8+ Rxf8 42. Qxf8 Qg4+
1/2-1/2

[Event "World Blitz"]
[Site "Moscow RUS"]
[Date "2007.11.22"]
[Round "34"]
[White "Adams,Mi"]
[Black "Kramnik,V"]
[Result "1-0"]
[WhiteElo "2729"]
[BlackElo "2785"]
[EventDate "2007.11.21"]

1. e4 e5 2. Nf3 Nc6 3. Bb5 Nf6 4. Qe2 Bc5 5. c3 O-O 6. d3 Re8 7. Ba4 Bf8 8.
Bg5 h6 9. Bh4 d5 10. Nbd2 Bg4 11. h3 Bh5 12. g4 Bg6 13. Bxf6 Qxf6 14. exd5
Ne7 15. Bxe8 Nxd5 16. Bb5 Qb6 17. Bc4 Nf4 18. Qxe5 Bd6 19. Qb5 Qxb5 20.
Bxb5 a6 21. Ne4 Bxe4 22. dxe4 axb5 23. O-O-O Rxa2 24. Kb1 Ra8 25. e5 Bc5
26. Rd7 Bb6 27. Nd4 b4 28. cxb4 Ra4 29. Nc2 Ne6 30. f3 Kf8 31. Rd3 Ra8 32.
Rhd1 Ke8 33. h4 c6 34. h5 Bc7 35. Re1 Nf4 36. Rd2 Bb6 37. Re4 Nd5 38. f4
Rd8 39. Kc1 Ra8 40. f5 Bd8 41. Kb1 Bg5 42. Rd3 b5 43. Nd4 Nxb4 44. Rb3 c5
45. Nxb5 Ke7 46. Re1 Rd8 47. Nd6 f6 48. Ne4 Bh4 49. Rh1 Rd4 50. Nxc5 Bf2
51. exf6+ Kxf6 52. Rf1 Bh4 53. Nd7+ Kg5 54. Ne5 Kf6 55. Nf3 Rxg4 56. Nxh4
Rxh4 57. Re3 Rxh5 58. Re6+ Kf7 59. Rb6 Nd5 60. Rb5 Nf6 61. Rb7+ Kf8 62. Rc1
Rxf5 63. Rc8+ Ne8 64. Rbb8 Re5 65. b4 h5 66. b5 h4 67. b6 h3 68. Rxe8+ Rxe8
69. Rxe8+ 1-0

[Event "World Blitz"]
[Site "Moscow RUS"]
[Date "2007.11.22"]
[Round "34"]
[White "Savchenko,B"]
[Black "Bacrot,E"]
[Result "1-0"]
[WhiteElo "2583"]
[BlackElo "2695"]
[EventDate "2007.11.21"]

1. c4 b6 2. Nf3 Bb7 3. g3 e6 4. Bg2 f5 5. O-O Nf6 6. d3 Be7 7. Nc3 O-O 8.
e4 fxe4 9. Ng5 Nc6 10. Ncxe4 Nxe4 11. Nxe4 d5 12. Nc3 dxc4 13. dxc4 Qxd1
14. Rxd1 Rad8 15. Bf4 e5 16. Bxe5 Nxe5 17. Bxb7 c6 18. b3 Bc5 19. Ne4 Bd4
20. Rac1 Rf7 21. Ba6 c5 22. h3 Re7 23. Kg2 Nc6 24. Nc3 Nb4 25. Bb5 Rf8 26.
Rd2 a6 27. Ba4 Rxf2+ 28. Rxf2 Bxf2 29. a3 Nd3 30. Rd1 Re3 31. Ne4 Rxe4 32.
Rxd3 Bd4 33. Kf3 Re1 34. Bc6 Kf8 35. b4 Ke7 36. Bb7 Rf1+ 37. Ke4 Kd6 38.
Bxa6 Re1+ 39. Kf3 Rf1+ 40. Kg4 g6 41. Bb7 Ke5 42. Bf3 Kf6 43. Kf4 Re1 44.
h4 h5 45. Bd5 Rf1+ 46. Ke4 Re1+ 47. Kf3 Rc1 48. a4 Rc3 49. Rxc3 Bxc3 50.
bxc5 bxc5 51. Bc6 Be1 52. Be8 g5 53. Bxh5 gxh4 54. gxh4 Bxh4 55. a5 1-0

[Event "World Blitz"]
[Site "Moscow RUS"]
[Date "2007.11.22"]
[Round "34"]
[White "Shirov,A"]
[Black "Ivanchuk,V"]
[Result "1/2-1/2"]
[WhiteElo "2739"]
[BlackElo "2787"]
[EventDate "2007.11.21"]

1. e4 e5 2. Nf3 Nc6 3. Bb5 a6 4. Ba4 Nf6 5. O-O Nxe4 6. d4 b5 7. Bb3 d5 8.
dxe5 Be6 9. Nbd2 Be7 10. c3 O-O 11. Re1 Nc5 12. Nd4 Qd7 13. Bc2 Bg4 14. f3
Bh5 15. Nf5 Bg6 16. g4 d4 17. cxd4 Bxf5 18. Bxf5 Qxd4+ 19. Kg2 Nxe5 20. Nb3
Qxd1 21. Rxd1 Na4 22. Na5 Bb4 23. Bf4 Nxb2 24. Rd5 Ng6 25. Bxg6 fxg6 26.
Bxc7 Rac8 27. Nc6 Rxc7 28. Nxb4 Rc3 29. Nxa6 Rcxf3 30. Rxb5 Nc4 31. Rbb1
Ne3+ 32. Kh1 Nxg4 33. Nc5 Rf2 34. Rb4 h5 35. Ne4 Re2 36. Ng5 Rxh2+ 37. Kg1
Re2 38. a4 Re5 39. Nh3 Re3 40. Ng5 Rg3+ 41. Kh1 Nf2+ 42. Kh2 Rxg5 43. a5
Nd3 44. Rb3 Rf2+ 45. Kh1 Nc5 46. Rb5 Rff5 47. Rb8+ Kh7 48. a6 Nxa6 49. Rxa6
Rf7 50. Raa8 Rf1+ 51. Kh2 Rf2+ 52. Kh1 Rf1+ 53. Kh2 1/2-1/2

[Event "World Blitz"]
[Site "Moscow RUS"]
[Date "2007.11.22"]
[Round "35"]
[White "Ivanchuk,V"]
[Black "Leko,P"]
[Result "1/2-1/2"]
[WhiteElo "2787"]
[BlackElo "2755"]
[EventDate "2007.11.21"]

1. d4 Nf6 2. c4 e6 3. Nf3 b6 4. g3 Ba6 5. b3 Bb4+ 6. Bd2 Be7 7. Bg2 c6 8.
Bc3 d5 9. Ne5 Nfd7 10. Nxd7 Nxd7 11. Nd2 O-O 12. O-O Rc8 13. e4 c5 14. exd5
exd5 15. dxc5 dxc4 16. cxb6 Nxb6 17. Re1 cxb3 18. Qxb3 Nd7 19. Nf3 Bc4 20.
Qb2 Nc5 21. Bxg7 Nd3 22. Bxf8 Nxb2 23. Bxe7 Qb6 24. Ne5 Be6 25. Re2 Nc4 26.
Rae1 Nxe5 27. Rxe5 h6 28. R5e2 Qd4 29. h4 Rc4 30. Ba3 Qd3 31. Bb2 Rc2 32.
Bf1 Rxe2 33. Rxe2 Qb1 34. Bc3 Qc1 35. Bb4 Bc4 36. Re1 Qb2 37. Re8+ Kh7 38.
Bxc4 Qxb4 39. Bd3+ Kg7 40. Re4 Qb6 41. Bc2 Qc6 42. Rg4+ Kf8 43. Bb3 a5 44.
Rf4 f6 45. Rc4 Qb7 46. Kh2 Kg7 47. Rg4+ Kh7 48. Rd4 Qc7 49. Rf4 Qe5 50. Kg2
Kg7 51. Rg4+ Kf8 52. Rf4 Kg7 53. Kf3 Kf8 54. Re4 Qf5+ 55. Ke3 Qc5+ 56. Kf3
Qf5+ 57. Rf4 Qe5 58. Kg2 Kg7 59. Ra4 Qc5 60. Rg4+ Kf8 61. Rg6 Qf5 62. Rg8+
Ke7 63. Rg7+ Kf8 64. Rf7+ Ke8 65. Rc7 Qe4+ 66. Kh2 Qf5 67. Rc2 Kf8 68. Re2
Qf3 69. Rd2 Kg7 70. Bd5 Qc3 71. Re2 Qc5 72. Bb3 Qb4 73. Rc2 Qd4 74. Bc4 Qe4
75. Bb3 a4 76. Rc7+ Kf8 77. Rc4 Qe2 78. Rxa4 Qxf2+ 79. Kh3 h5 80. Rf4 Qg1
81. Bd5 Kg7 82. Bg2 Qc5 83. a4 Qa5 84. Rd4 Kg6 85. Rf4 Kg7 86. Bf1 Kg6 87.
Kh2 Qd2+ 88. Bg2 Kg7 89. Rf5 Kg6 90. Rd5 Qa2 91. a5 Kg7 92. Kh3 Kg6 93. Rc5
Kh6 94. Rb5 Qe6+ 95. Kh2 Qa2 96. Rd5 Kg6 97. Kh3 Kh6 98. Rc5 Qe6+ 99. Kh2
Qa2 100. Rc6 Qxa5 101. Rxf6+ Kg7 102. Rf4 Qe5 103. Bf3 Kg6 104. Kh3 Qe6+
105. Kg2 Qa2+ 106. Kg1 Qb1+ 107. Kh2 Qc2+ 108. Kh3 Qc8+ 109. Kh2 Qc2+ 110.
Bg2 Qd2 111. Kg1 Qe1+ 112. Kh2 Qd2 113. Rf3 Qb2 114. Kg1 Qc1+ 115. Bf1 Qa1
116. Kg2 Qb2+ 117. Rf2 Qb7+ 118. Kh2 Qd5 119. Bh3 Qd4 120. Rf4 Qb2+ 121.
Bg2 Qd2 122. Rc4 Qf2 123. Rc6+ Kg7 124. Ra6 Qd2 125. Rb6 Qe2 126. Rd6 Qf2
127. Rd5 Kg6 128. Rg5+ Kh6 129. Kh3 Qf6 130. Rd5 Qe6+ 131. Kh2 Qe2 132. Rd4
Kg6 133. Rf4 Qd2 134. Rf3 Qb2 135. Kg1 Qc1+ 136. Bf1 Qd2 137. Bd3+ Kg7 138.
Kf1 Qb2 139. Be2 Qd2 140. Rf5 Qe3 141. Rg5+ Kf6 142. Bxh5 Qc1+ 143. Kg2
Qd2+ 144. Kh3 Qd3 145. Rg6+ Ke7 146. Rg7+ Ke6 147. Rf7 Qd5 148. Bg6 Qh1+
149. Kg4 Qd1+ 150. Rf3 Qd4+ 151. Kh3 Qg7 152. Bh5 Qh6 153. Bg4+ Ke7 154.
Rf4 Qc6 155. Bf3 Qe6+ 156. Rg4 Kf6 157. Be4 Qd7 158. Bf3 Qf5 159. Kh2 Qc2+
160. Bg2 Qe2 161. Rf4+ Kg7 162. Rf3 Qe5 163. Kh3 Qe6+ 164. g4 Qd7 165. h5
Qe7 166. Rf5 Qe3+ 167. Bf3 Qe6 168. Kh4 Qe1+ 169. Kh3 Qf1+ 170. Bg2 Qd3+
171. Kh4 Qd2 172. Bd5 Qe1+ 173. Kh3 Qe3+ 174. Rf3 Qd4 175. Bc6 Qc5 176. Bb7
Qe5 177. Rf5 Qe3+ 178. Bf3 Kh6 179. Rf6+ Kg7 180. Rf5 Kh6 181. Kg2 Qd2+
182. Kg3 Qe1+ 183. Kh3 Qf1+ 184. Bg2 Qd3+ 185. Kh4 Qd4 186. Bd5 Kg7 187.
Rg5+ Kh6 188. Rg6+ Kh7 189. Bg8+ Kh8 190. Be6 Qf2+ 191. Kg5 Qe3+ 192. Kf6
Qd4+ 193. Kf7 Qa7+ 194. Ke8 Qb8+ 195. Ke7 Qc7+ 196. Bd7 Qe5+ 197. Re6 Qg5+
198. Kd6 Kh7 199. Re4 Qf6+ 200. Be6 Qg5 201. Bf5+ Kg7 202. Re7+ Kh8 203.
Re6 Qd2+ 204. Ke7 Qg5+ 205. Ke8 Qg8+ 206. Kd7 Qg5 207. h6 Qd2+ 208. Ke8 Qa5
209. Kf7 Qd5 210. Kf6 Qd4+ 211. Kg6 Qd8 212. Kh5 Qd7 213. g5 Qd1+ 214. Kg6
Qd7 215. Re4 Qf7+ 1/2-1/2

[Event "World Blitz"]
[Site "Moscow RUS"]
[Date "2007.11.22"]
[Round "35"]
[White "Gelfand,B"]
[Black "Grischuk,A"]
[Result "1/2-1/2"]
[WhiteElo "2736"]
[BlackElo "2715"]
[EventDate "2007.11.21"]

1. d4 d5 2. c4 c6 3. Nf3 Nf6 4. e3 Bg4 5. h3 Bxf3 6. Qxf3 e6 7. Nc3 Nbd7 8.
Bd2 Bb4 9. a3 Ba5 10. Bd3 O-O 11. O-O Re8 12. Qd1 a6 13. Rc1 Rc8 14. b4 Bc7
15. f4 dxc4 16. Bxc4 a5 17. Bb3 axb4 18. axb4 Bd6 19. Na4 b5 20. Nc5 Bxc5
21. dxc5 Ne4 22. Be1 Ndf6 23. Qc2 e5 24. Rd1 Qc7 25. f5 Rcd8 26. Bh4 h6 27.
Rxd8 Rxd8 28. Rd1 Ng5 29. Bg3 Rxd1+ 30. Qxd1 Nge4 31. Bh2 Qc8 32. g4 Qe8
33. Kg2 Nc3 34. Qd6 Ncd5 35. Qxe5 Qa8 36. Qb8+ Qxb8 37. Bxb8 Nxe3+ 38. Kf3
Ned5 39. Be5 Nxb4 40. Bd4 Nd7 41. Ke3 Na6 42. h4 Naxc5 43. Ba2 Nb7 44. g5
hxg5 45. hxg5 Kf8 46. g6 Nd6 47. Kf4 fxg6 48. fxg6 c5 49. Bb2 b4 50. Be6
Nb6 51. Bc1 Ke7 52. Ke5 Ndc4+ 53. Bxc4 Nxc4+ 54. Kd5 Na5 55. Bg5+ Kd7 56.
Kxc5 b3 57. Bc1 Ke6 58. Bb2 Kf5 59. Bxg7 Kxg6 60. Bb2 1/2-1/2

[Event "World Blitz"]
[Site "Moscow RUS"]
[Date "2007.11.22"]
[Round "36"]
[White "Grischuk,A"]
[Black "Korotylev,A"]
[Result "1-0"]
[WhiteElo "2715"]
[BlackElo "2600"]
[EventDate "2007.11.21"]

1. d4 Nf6 2. c4 c5 3. d5 e5 4. Nc3 d6 5. e4 Nbd7 6. g3 g6 7. Bg2 Bg7 8. Nf3
O-O 9. O-O a6 10. a4 Ng4 11. Bd2 Kh8 12. a5 Qe7 13. Na4 f5 14. Ng5 Ndf6 15.
Nb6 Rb8 16. Nxc8 Rfxc8 17. f3 Nh6 18. Ne6 Nf7 19. exf5 gxf5 20. Qc2 Bh6 21.
f4 e4 22. Bc3 Kg8 23. Bh3 Re8 24. Bxf5 Nd8 25. Rae1 Nxe6 26. Bxe6+ Kh8 27.
Rxe4 Bg7 28. Re2 Qf8 29. Rfe1 b5 30. axb6 Rxb6 31. Qf5 Reb8 32. Qh3 h6 33.
Bf5 Ng8 34. Qh5 Bxc3 35. bxc3 Rb2 36. Rxb2 Rxb2 37. Re8 Qf6 38. Be6 1-0

[Event "World Blitz"]
[Site "Moscow RUS"]
[Date "2007.11.22"]
[Round "37"]
[White "Morozevich,A"]
[Black "Leko,P"]
[Result "1-0"]
[WhiteElo "2755"]
[BlackElo "2755"]
[EventDate "2007.11.21"]

1. d4 Nf6 2. c4 e6 3. Nc3 Bb4 4. Qc2 O-O 5. e4 d5 6. e5 Ne4 7. Bd3 c5 8.
Nge2 cxd4 9. Nxd4 Nd7 10. Bf4 Ndc5 11. O-O Nxd3 12. Qxd3 Nxc3 13. bxc3 Be7
14. Rad1 Qa5 15. cxd5 exd5 16. Qg3 Re8 17. Rd3 Bd7 18. Re3 Bf8 19. Qh4 Rac8
20. Rg3 Qxa2 21. Bh6 Kh8 22. Qg5 g6 23. Bxf8 Rxf8 24. h4 Qa6 25. h5 Rce8
26. e6 Rxe6 27. Nxe6 Qxe6 28. Re3 Qf5 29. Qh4 Kg8 30. h6 Be6 31. Qd4 f6 32.
Rfe1 Bf7 33. Qxa7 Qg5 34. Rh3 Qd2 35. Rhe3 b5 36. Qe7 1-0

[Event "World Blitz"]
[Site "Moscow RUS"]
[Date "2007.11.22"]
[Round "37"]
[White "Ivanchuk,V"]
[Black "Grischuk,A"]
[Result "1/2-1/2"]
[WhiteElo "2787"]
[BlackElo "2715"]
[EventDate "2007.11.21"]

1. d4 Nf6 2. c4 e6 3. Nf3 b6 4. g3 Ba6 5. b3 Bb7 6. Bg2 Bb4+ 7. Bd2 c5 8.
O-O O-O 9. Bxb4 cxb4 10. a3 Na6 11. a4 d6 12. Nbd2 Qc7 13. Re1 e5 14. e4
Rfe8 15. Qc2 Rad8 16. Re2 Nb8 17. Rae1 Nc6 18. Qb2 a6 19. h3 Rd7 20. Nf1
exd4 21. Nxd4 Nxd4 22. Qxd4 Rde7 23. Ne3 Qc5 24. Qxc5 dxc5 25. e5 Ne4 26.
Nf5 Rxe5 27. Nd6 Nxd6 28. Rxe5 Rxe5 29. Rxe5 Kf8 30. h4 g6 31. h5 gxh5 32.
Rxh5 Bxg2 33. Kxg2 Nb7 34. Rh6 Na5 35. Rxb6 Nxb3 36. Rxa6 Ke7 37. a5 Kd7
38. Ra8 Kc7 39. a6 Kb6 40. f4 Nd2 41. Rc8 Nxc4 42. Rxc5 Ka7 43. Rf5 Na3
1/2-1/2

[Event "World Blitz"]
[Site "Moscow RUS"]
[Date "2007.11.22"]
[Round "37"]
[White "Bacrot,E"]
[Black "Rublevsky,S"]
[Result "0-1"]
[WhiteElo "2695"]
[BlackElo "2676"]
[EventDate "2007.11.21"]

1. e4 c5 2. Nf3 e6 3. b3 d6 4. Bb2 Nf6 5. d3 Nc6 6. Nbd2 Be7 7. g3 O-O 8.
Bg2 e5 9. O-O b5 10. a3 a5 11. c3 Qb6 12. d4 cxd4 13. cxd4 exd4 14. Re1 Rb8
15. Nf1 Bg4 16. h3 Bxf3 17. Bxf3 Nd7 18. Bg2 Bf6 19. Nh2 g6 20. Rc1 Bg7 21.
e5 Ndxe5 22. f4 Nc4 23. bxc4 d3+ 24. Kh1 Bxb2 25. Qxd3 Bxc1 26. Rxc1 bxc4
27. Qxc4 Ne7 28. Re1 Nf5 29. Ng4 h5 30. Nf6+ Kg7 31. Nd7 Qf2 32. Qc3+ Kh6
33. g4 Rb2 34. g5+ Kh7 35. Nxf8+ Kg8 36. Rg1 Ng3+ 37. Kh2 Qxg1+ 0-1

[Event "World Blitz"]
[Site "Moscow RUS"]
[Date "2007.11.22"]
[Round "38"]
[White "Anand,V"]
[Black "Ivanchuk,V"]
[Result "0-1"]
[WhiteElo "2801"]
[BlackElo "2787"]
[EventDate "2007.11.21"]

1. e4 c5 2. Nf3 e6 3. d4 cxd4 4. Nxd4 a6 5. Bd3 Bc5 6. Nb3 Ba7 7. Qe2 Nc6
8. Be3 d6 9. N1d2 Nf6 10. f4 O-O 11. Bxa7 Rxa7 12. g4 b5 13. O-O-O Rc7 14.
Rhg1 Qe7 15. Kb1 Nd7 16. g5 Bb7 17. Rg3 Nb4 18. Rh3 g6 19. Qg4 Rfc8 20. Qh4
Nf8 21. a3 Nxd3 22. cxd3 h5 23. gxh6 Qxh4 24. Rxh4 Nh7 25. Nd4 Nf6 26. N2f3
Re8 27. Ng5 e5 28. fxe5 dxe5 29. Ndf3 Nh5 30. Rg1 Kh8 31. Nh3 Bc8 32. Nf2
Nf4 33. Nxe5 Ne2 34. Re1 Nd4 35. Neg4 Nf3 36. Nf6 Rd8 37. Nd5 Rb7 0-1

[Event "World Blitz"]
[Site "Moscow RUS"]
[Date "2007.11.22"]
[Round "38"]
[White "Adams,Mi"]
[Black "Bacrot,E"]
[Result "0-1"]
[WhiteElo "2729"]
[BlackElo "2695"]
[EventDate "2007.11.21"]

1. e4 e6 2. d4 d5 3. Nd2 dxe4 4. Nxe4 Bd7 5. Nf3 Bc6 6. Bd3 Nd7 7. O-O Bxe4
8. Bxe4 c6 9. c3 Ngf6 10. Bc2 Be7 11. Re1 O-O 12. Qd3 Re8 13. Bd2 Qc7 14.
Rad1 Rad8 15. Ng5 Nf8 16. Qf3 Bd6 17. g3 h6 18. Ne4 Nxe4 19. Rxe4 c5 20. d5
exd5 21. Rxe8 Rxe8 22. Qxd5 Re5 23. Qf3 Re6 24. Be3 b6 25. Rd5 Qe7 26. Bb3
Rf6 27. Qg4 Nd7 28. Kg2 Qe8 29. Rd1 Ne5 30. Qe4 Qe7 31. h3 g5 32. Bc2 Ng6
33. Qxe7 Nxe7 34. a4 Kg7 35. a5 Nc6 36. axb6 axb6 37. Be4 Ne5 38. Bd5 Kf8
39. b3 Kg7 40. Ra1 Ng6 41. Ra7 Ne7 42. Be4 Nf5 43. Bc1 Be5 44. Bd2 Nd6 45.
Bd5 Nb5 46. Rb7 Bxc3 47. Be3 Bd4 48. Bc4 Bxe3 49. fxe3 Nd6 50. Rd7 Ne4 51.
g4 Rf2+ 52. Kg1 Rf6 53. Kg2 Nc3 54. Rd3 Na2 55. Rd7 Nb4 56. e4 Nc6 57. Rb7
Ne5 58. Re7 Nxc4 59. bxc4 Rf4 60. Kg3 Kf8 61. Rb7 Rxe4 62. Rxb6 Kg7 63. Rc6
Rxc4 64. Kg2 Rc1 65. Kg3 c4 66. Kg2 c3 67. Kg3 f6 68. Kg2 Kf7 69. Kg3 Ke7
70. Kg2 Rc2+ 71. Kg3 Kf7 72. Kf3 Rc1 73. Kg2 Ke7 74. Kf3 Kd7 75. Rc4 Kd6
76. Ke2 Kd5 77. Rc8 Kd4 78. Rd8+ Kc4 79. Rc8+ Kb3 80. Rb8+ Kc2 81. Rh8 Rh1
82. Rxh6 Kb2 83. Rxf6 Rxh3 84. Rb6+ Kc1 85. Rb5 c2 86. Rxg5 Kb2 87. Rb5+
Rb3 0-1